Vaučerizacija i jeje grjaduščije posledstvija.

Rozhovor s námestníkom riaditeľa Fondu federálneho majetku RF. Názor na privatizačné šeky zavedené 14.8.1992, na reálnosť dosiahnutia dvoch cieľov "vaučerizácie" - princípu sociálnej spravodlivosti a urýchlenia privatizačného procesu cestou stimulovania činnosti infraštruktúry fondového trhu. Predpo...

Descrizione completa

Salvato in:
Dettagli Bibliografici
Autore principale: Ključnikov, V.A
Natura: Capitolo di libro
Lingua:russo
Soggetti:
Tags: Aggiungi Tag
Nessun Tag, puoi essere il primo ad aggiungerne!!

MARC

LEADER 00000naa a2200000 4500
001 r011582
005 20221208123147.0
041 0 |a rus 
044 |a [SU] 
245 1 0 |a Vaučerizacija i jeje grjaduščije posledstvija.  |c V.A. Ključnikov 
520 |a Rozhovor s námestníkom riaditeľa Fondu federálneho majetku RF. Názor na privatizačné šeky zavedené 14.8.1992, na reálnosť dosiahnutia dvoch cieľov "vaučerizácie" - princípu sociálnej spravodlivosti a urýchlenia privatizačného procesu cestou stimulovania činnosti infraštruktúry fondového trhu. Predpoklady ďalšieho osudu "vaučerizácie". 
610 2 0 |a privatizácia 
610 2 0 |a Rusko 
610 2 0 |a šeky 
610 2 0 |a legislatíva 
610 2 0 |a podnik štátny 
610 2 0 |a spoločnosti akciové 
610 2 0 |a fondy investičné 
100 1 |a Ključnikov, V.A.